Name the Comedy Sidekicks - Puppets/Animals (UK) Photo Quiz - Statistics

General Stats
  • This quiz has been taken 62 times
  • The average score is 8 of 16
Answer Stats
Picture Hint Answer % Correct
Basil Brush
92%
Sooty
89%
Emu
87%
Orville
68%
Collective name please The Diddy Men
57%
Both parts of name please Lamb Chop
55%
Spit the Dog
55%
Nookie Bear
49%
Schnorbitz
49%
Both parts of name please Lord Charles
43%
Lenny the Lion
40%
Monkey
32%
Archie
25%
Fanny the Wonderdog
25%
Name the gorilla Gerald the Gorilla
15%
Oswald
9%
No matching quizzes found
Score Distribution
Percent of People with Each Score
Percentile by Number Answered
Your Score History
You have not taken this quiz